Física universitaria con física moderna. Volumen 2
| Main Authors: | , , |
|---|---|
| Format: | Section = Libro |
| Language: | Undetermined Spanish |
| Published: |
México
Pearson
2013
|
| Edition: | 13a ed. |
| Subjects: |
| LEADER | 00668nam a2200253Ia 4500 | ||
|---|---|---|---|
| 008 | 240830s9999 xx 000 0 und d | ||
| 020 | |a 978-607-32-2190-0 | ||
| 040 | |a B-ESTELÍ- RUACS / 530 S439 | ||
| 041 | |a spa | ||
| 082 | |a 530 S439 | ||
| 100 | 1 | |a Sears | |
| 100 | 1 | |b Zemansky Young, Hugh | |
| 100 | 1 | |c Freedman, Róger A. | |
| 245 | 1 | 0 | |a Física universitaria con física moderna. Volumen 2 |
| 250 | |a 13a ed. | ||
| 260 | |a México |b Pearson |c 2013 | ||
| 300 | |a 1521 p.: il. | ||
| 650 | 7 | |a FÍSICA UNIVERSITARIA | |
| 650 | 7 | |b ELECTROMAGNETISMO | |
| 650 | 7 | |c ÓPTICA | |
| 650 | 7 | |d FÍSICA MODERNA | |
| 942 | |c BK |2 ddc | ||
| 991 | |a TEXTO | ||
| 999 | |c 11010 | ||